000
00219 a2200097 4500
001
42842
100
_a
Masud-ul-Hasan
245
_a
Pakistan places of interest
260
_a
Lahore
_b
Ferozsons
_c
090
_c
26732
_d
26732
942
_a
NUST-CAE
_c
M
_c
18594
999
_c
277915
_d
277915